000 00275nam a22001337a 4500
008 170511b xxu||||| |||| 00| 0 eng d
020 _a0735524378
041 _aeng
080 _a342
100 _a15
101 _aSHJ
245 _aPROPERTY
_cDUKEMINIER
942 _2udc
_cBK
999 _c13170
_d13170